00453nam a2200169Ia 4500008004100000020002200041041000800063082001500071100001300086245006800099250001100167260003900178300000900217500001600226650001600242700002500258230125s9999 xx 000 0 und d a978-81-317-0996-5 aeng a659.1bCLO aClow K E aIntegrated Advertising, Promotion, and Marketing Communications a3rd ed c2009bPearson EducationaNew Delhi a537p aadvertising aAdvertising aClow K E & Baack D E